Gummo /
-д хадгалсан:
| Үндсэн зохиолч: | |
|---|---|
| Бусад зохиолчид: | , , , , , , |
| Формат: | |
| Хэл сонгох: | англи |
| Хэвлэсэн: |
Los Angeles, EUA :
Fine Line Features,
1997, c1997
|
| Нөхцлүүд: | |
| Шошгууд: |
Шошго байхгүй, Энэхүү баримтыг шошголох эхний хүн болох!
|
MARC
| LEADER | 00000ngm^a2200000^a^4500 | ||
|---|---|---|---|
| 001 | 000186223 | ||
| 005 | 20250521000000.0 | ||
| 009 | 20260310102219.344 | ||
| 020 | |a 0-7806-3459-4 | ||
| 037 | |a Acervo ITESO - Biblioteca | ||
| 041 | |a ING | ||
| 082 | |a 810. |b KOR | ||
| 100 | |a Korine, Harmony |e (realización) | ||
| 245 | 1 | 0 | |a Gummo / |c Realización de H. Korine. |
| 264 | 4 | |a Los Angeles, EUA : |b Fine Line Features, |c 1997, c1997 | |
| 264 | 2 | |a Los Angeles, EUA : |b New Line Cinema [distribución], |c 2001, c2001 | |
| 300 | |a 1 DVD región 1 |c (89 min.) | ||
| 336 | |a imagen móvil bidimensional |b tdi |2 rdacontenido | ||
| 337 | |a video |b v |2 rdamedio | ||
| 338 | |a videodisco |b vd |2 rdasoporte | ||
| 546 | |a En inglés, con subtítulos opcionales: inglés | ||
| 649 | |a XX | ||
| 650 | |a Adolescentes en el Cine | ||
| 650 | |a Marginados Sociales en el Cine | ||
| 650 | |a Cine Experimental | ||
| 650 | |a Dramas Cinematográficos | ||
| 650 | |a Opera Prima | ||
| 650 | |a Cine Independiente - |z EUA | ||
| 650 | |a Cine Norteamericano - |y 1990-1999 | ||
| 650 | |a Cine Norteamericano - |y Siglo XX | ||
| 650 | |a Animales - |x Tratamiento | ||
| 650 | |a Aburrimiento | ||
| 650 | |a Pobreza - |z EUA | ||
| 650 | |a Marginación - |z EUA | ||
| 650 | |a Violencia - |z EUA | ||
| 650 | |a Problemas Sociales - |z EUA | ||
| 650 | |a Zonas Rurales - |z EUA - |x Condiciones Sociales y Culturales | ||
| 700 | |a Korine, Harmony |e (guión) | ||
| 700 | |a Clauer, James |e (fotógrafo) | ||
| 700 | |a Escoffier, Jean-Yves |e (fotógrafo) | ||
| 700 | |a Tellefsen, Christopher |e (montaje) | ||
| 700 | |a Reynolds, Jacob |e (actuación) | ||
| 700 | |a Sutton, Nick |e (actuación) | ||
| 700 | |a Tosh, Lara |e (actuación) | ||
| 910 | |a Fondo General | ||
| 920 | |a Audiovisuales - DVDs | ||
| 940 | |a Películas | ||
| 905 | |a 302 | ||
| 901 | |a 0500088697 |b IT2 |c DVS |u 20250521 | ||
| 902 | |a https://opac.biblio.iteso.mx/vufind/Record/000186223 | ||